000 00539cam a22002291 4500
001 sa 64007609
003 DLC
005 20260227112048.0
008 940913s1962 ii 000 0 orio
010 _asa 64007609
025 _aPL480:I-O-228
035 _a(OCoLC)31095271
040 _aDLC
_cCU
_dCU
_dDLC
042 _apremarc
050 0 0 _aPK2579.M284
_bR3
100 1 _aMahanti, Brajamohan.
245 1 0 _aRakta gaḍara svapna.
260 _c[1962]
300 _a145 p.
_c18 cm.
500 _aIn Oriya.
500 _aA novel.
999 _c60366
_d60366